World's Most Valuable Brands - Statistics

General Stats
  • This quiz has been taken 62 times
  • The average score is 6 of 10
Answer Stats
Industry Answer % Correct
Technology #1 Apple
92%
Restaurants #9 McDonald's
75%
Technology #2 Google
73%
Technology #3 Microsoft
72%
Beverages #5 Coca-Cola
65%
Technology #4 Facebook
55%
Automotive #8 Toyota
55%
Technology #6 Amazon
45%
Technology #10 Samsung
45%
Leisure #7 Disney
25%
No matching quizzes found
Score Distribution
Percent of People with Each Score
Percentile by Number Answered
Your Score History
You have not taken this quiz